|
|
|
|
| LEADER |
01059nam a2200265 i 4500 |
| 001 |
c000233802 |
| 003 |
CARM |
| 005 |
00000000000000.0 |
| 008 |
840229s1979 pr a 000 0 fre d |
| 019 |
1 |
|
|a 10212516
|5 LACONCORD2021
|
| 035 |
|
|
|a (OCoLC)221622886
|5 LACONCORD2021
|
| 041 |
0 |
|
|a fre
|
| 043 |
|
|
|a nwht---
|
| 082 |
0 |
4 |
|a 378.7294
|
| 245 |
0 |
0 |
|a Etude ethno-socio-psychologique et linguistique du milieu haitian :
|b en vue d'une reforme de l'Universite d'Etat /
|c preparee sous la direction du professeur J. B. Romain.
|
| 260 |
|
|
|a San Juan, P.R. :
|b UNICA,
|c 1979.
|
| 300 |
|
|
|a 130p.
|
| 440 |
|
0 |
|a UNICA series on university structure and organization
|
| 504 |
|
|
|a Bibliography: p.128-130.
|
| 610 |
2 |
0 |
|a Université d'Etat d'Haïti.
|
| 651 |
|
0 |
|a Haiti
|x Civilization.
|
| 700 |
1 |
|
|a Romain, J. B.
|q (Jean Baptiste)
|
| 852 |
8 |
|
|b CARM
|h A1:AQ13C0
|i C09036
|p 0371876
|f BK
|
| 999 |
f |
f |
|i cbd56912-1575-51c9-b979-13a52065f027
|s 79a17fa6-c582-544c-827c-5daeb1c6cb16
|
| 952 |
f |
f |
|p Can circulate
|a CAVAL
|b CAVAL
|c CAVAL
|d CARM 1 Store
|e C09036
|f A1:AQ13C0
|h Other scheme
|i book
|m 0371876
|